Points, lignes et formes en géographie - Statistiques

Statistiques générales
  • Ce quiz a été pris 60 fois
    54 depuis la dernière actualisation
  • Le résultat moyen est 11 sur 21
Statistiques - réponses
Type de quiz Indice Réponse % Correct
Point Le Nord, le Sud, l'Ouest et l'Est sont les 4 principaux Points cardinaux
98%
Forme Chichen Itza est la plus célèbre des mexicaines, Khéops la plus célèbre des égyptiennes Les Pyramides
76%
Forme Surnom souvent attribué à la France L'Héxagone
76%
Ligne Greenwich, par exemple Méridien
76%
Point Points les plus au nord et au sud de la Terre Pôles
71%
Ligne Ligne représentant la limite de ce que l'on peut observer Horizon
67%
Forme Zone de l'océan Atlantique connu pour un grand nombre de légendes de disparitions Le triangle des Bermudes
67%
Ligne Ligne de défense française proche de la frontière allemande Ligne Maginot
65%
Forme Petit jardin public urbain, ou carré anglais* Square
63%
Forme Quartier général du département de la Défense étatsunienne Le Pentagone
61%
Point Point en mer le plus éloigné de toutes côtes Point Nemo
57%
Point Point topographique le plus élevé en altitude d'un pays, d'une région... Point culminant
51%
Forme Place parisienne se trouvant à l'extrémité de Champs bien connus La Place de l'Etoile
49%
Ligne L'équateur et les tropiques en sont Parallèle
41%
Point A Berlin, Charlie est le plus célèbre d'entre eux* Checkpoint
37%
Ligne Projet saoudien de ville futuriste* The Line
37%
Point Lac salé dont le rivage est le point émergé ayant la plus faible altitude Mer Morte
33%
Ligne Quel est le numéro du [réponse 9] sur lequel est basée la frontière entre les deux Corée ? 38ème parallèle nord
24%
Forme [Réponse 9] au-delà duquel le Soleil ne se lève pas au moins un jour en hiver, et ne se couche pas en été Le Cercle Polaire
24%
Ligne Ensemble des points d'un relief séparant des versants opposés Ligne de crète
14%
Point Point le plus profond mesuré sous les océans* Challenger Deep
12%
Aucun quiz correspondant
Distribution des résultats
% des personnes avec chaque résultat
Percentile par nombre de réponses
Votre historique - résultats
Vous n’avez pas pris ce quiz depuis la dernière actualisation